| 000 | 01360nam a22003611 4500 | ||
|---|---|---|---|
| 001 | 6467 | ||
| 003 | BD-RjUL | ||
| 005 | 20211208234240.0 | ||
| 008 | 140111s1963 nyu b 001 0 eng | ||
| 035 | _a(BD-RjUL)6508 | ||
| 040 |
_aDLC/ICU _cICU _dBD-RjUL _beng |
||
| 041 | 1 | _aengrus | |
| 082 | 0 | 0 |
_a532.58 _bLAM 1963 |
| 100 | 1 |
_aLadyzhenskaya, O. A. _q(Olʹga Aleksandrovna) _920354 |
|
| 245 | 1 | 4 |
_aThe mathematical theory of viscous incompressible flow / _cO. A. Ladyzhenskaya, Translated from the Russian by Richard A. Silverman. |
| 250 | _aRev. English ed. | ||
| 260 |
_aNew York : _bGordon and Breach, _cc1963 |
||
| 300 |
_axiv, 184 p. ; _c23 cm. |
||
| 490 | 1 |
_aMathematics and its applications, _vv. 2 |
|
| 500 | _aTranslation of [Matematicheskie voprosy dinamiki vi︠a︡zkoĭ neszhimaemoĭ zhidkosti] | ||
| 504 | _aInclude bibliography and index. | ||
| 650 | 0 |
_aHydrodynamics. _920355 |
|
| 650 | 0 |
_aViscous flow. _920356 |
|
| 650 | 0 |
_aBoundary value problems. _919752 |
|
| 650 | 0 |
_aNavier-Stokes equations. _920357 |
|
| 830 | 0 |
_vv. 2. _920367 |
|
| 700 |
_aSilverman, Richard A. _920359 |
||
| 830 | 0 |
_aMathematics and its applications (Gordon and Breach Science Publishers) ; _920368 |
|
| 942 |
_2ddc _cBK |
||
| 999 |
_c6467 _d6467 |
||